|
|
|
|
| LEADER |
06198nam a22005417i 4500 |
| 001 |
33431 |
| 003 |
BD-DhAAL |
| 005 |
20251112095033.0 |
| 008 |
180717t20172017mauad 001 0 eng d |
| 010 |
|
|
|a 2017471021
|
| 020 |
|
|
|a 9781449373320
|
| 020 |
|
|
|a 1449373321
|
| 020 |
|
|
|a 9789352135240
|
| 035 |
|
|
|a (OCoLC)ocn893895983
|
| 040 |
|
|
|a BTCTA
|b eng
|c BTCTA
|e rda
|d YDXCP
|d BDX
|d JRZ
|d UUM
|d OCLCF
|d TXI
|d GP5
|d NYP
|d DLC
|d BD-DhAAL
|
| 042 |
|
|
|a lccopycat
|
| 050 |
0 |
0 |
|a QA76.76.A65
|b K612 2017
|
| 082 |
0 |
4 |
|a 005.7
|2 23
|
| 100 |
1 |
|
|a Kleppmann, Martin.
|9 27490
|
| 245 |
1 |
0 |
|a Designing data-intensive applications :
|b the big ideas behind reliable, scalable, and maintainable systems /
|c Martin Kleppmann.
|
| 250 |
|
|
|a First edition.
|
| 264 |
|
1 |
|a Boston ;
|a India :
|b O'Reilly Media ;
|b Shroff Publishers,
|c 2017 [ninth Indian reprinted 2022, thirteenth Indian reprint 2025].
|
| 300 |
|
|
|a xix, 590 pages :
|b illustrations, charts ;
|c 24 cm.
|
| 500 |
|
|
|a Includes index.
|
| 505 |
0 |
|
|a Part 1. Foundations of data systems. Reliable, scalable, and maintainable applications -- Data models and query languages -- Storage and retrieval -- Encoding and evolutuion -- Part 2. Distributed data. Replication -- Partitioning -- Transactions -- The trouble with distributed systems -- Consistency and consensus -- Part 3. Derived data. Batch processing -- Stream processing -- The future of data systems.
|
| 520 |
|
|
|a Data is at the center of many challenges in system design today. Difficult issues need to be figured out, such as scalability, consistency, reliability, efficiency, and mainteinability. In addition, we have an overwhelming variet of tools, including relational databases, NoSQL datastores, stream or batch processors, and message brokers. What are the right choices for your application? How do you make sense of all these buzzwords? In this practical and comprehensive gjuide, author Martin Kleppmann helps you navigate this diverse landscape by examining the pros and cons of various technologies for processing and storing data. Software keeps changing, but the fundamental principles remain the same. With this book, software engineers and architects will learn how to apply those ideas in practice, and how to make full use of data in modern applications.
|
| 526 |
|
|
|a CSE
|x Annajiat Alim Rasel
Senior Lecturer
Department of Computer Science and Engineering
BRAC University
Course Name and No: Distributed Computing Systems(CSE 707)
|
| 541 |
|
|
|a STS International, Book Finder International
|e 33431, 33432, 39699, 39700, 39701, 45010, 45011, 45011, 45012, 45013
|
| 650 |
|
0 |
|a Web site development.
|9 27491
|
| 650 |
|
0 |
|a Application software
|x Development.
|9 27492
|
| 650 |
|
0 |
|a Database management.
|9 27493
|
| 650 |
|
7 |
|a Application software
|x Development.
|9 27492
|
| 650 |
|
7 |
|a Database management.
|9 27493
|
| 650 |
|
7 |
|a Web site development.
|9 27491
|
| 650 |
|
7 |
|a Computer science.
|9 42446
|
| 852 |
|
|
|a Ayesha Abed Library
|c General Stacks
|
| 942 |
|
|
|2 ddc
|c BK
|
| 999 |
|
|
|c 39340
|d 39340
|
| 952 |
|
|
|0 0
|1 0
|2 ddc
|4 0
|6 005_700000000000000_KLE
|7 0
|9 63584
|a BRACUL
|b BRACUL
|c GEN
|d 2018-07-05
|e STS International
|g 2300.00
|l 2
|m 7
|o 005.7 KLE
|p 3010033431
|q 2026-05-19
|r 2026-04-19
|s 2026-04-19
|t 1
|v 2300.00
|w 2018-07-05
|y BK
|
| 952 |
|
|
|0 0
|1 0
|2 ddc
|4 0
|6 005_700000000000000_KLE
|7 0
|9 63585
|a BRACUL
|b BRACUL
|c GEN
|d 2018-07-05
|e STS International
|g 2300.00
|l 2
|m 29
|o 005.7 KLE
|p 3010033432
|r 2026-05-20
|s 2025-09-11
|t 2
|v 2300.00
|w 2018-07-05
|y BK
|
| 952 |
|
|
|0 0
|1 0
|2 ddc
|4 0
|6 005_700000000000000_KLE
|7 0
|9 71842
|a BRACUL
|b BRACUL
|c GEN
|d 2022-09-11
|e Book Finder International
|g 1810.74
|l 2
|m 33
|o 005.7 KLE
|p 3010039700
|r 2025-12-14
|s 2025-07-31
|t 4
|v 1810.74
|w 2022-09-11
|y BK
|
| 952 |
|
|
|0 0
|1 0
|2 ddc
|4 0
|6 005_700000000000000_KLE
|7 0
|9 71843
|a BRACUL
|b BRACUL
|c GEN
|d 2022-09-11
|e Book Finder International
|g 1810.74
|l 3
|m 42
|o 005.7 KLE
|p 3010039699
|r 2025-10-11
|s 2025-01-18
|t 3
|v 1810.74
|w 2022-09-11
|y BK
|
| 952 |
|
|
|0 0
|1 0
|2 ddc
|4 0
|6 005_700000000000000_KLE
|7 0
|9 71844
|a BRACUL
|b BRACUL
|c GEN
|d 2022-09-11
|e Book Finder International
|g 1810.74
|l 3
|m 31
|o 005.7 KLE
|p 3010039701
|r 2025-10-06
|s 2025-08-21
|t 5
|v 1810.74
|w 2022-09-11
|y BK
|
| 952 |
|
|
|0 0
|1 0
|2 ddc
|4 0
|6 005_700000000000000_KLE
|7 0
|9 78425
|a BRACUL
|b BRACUL
|c CIR
|d 2025-11-04
|e Book Finder International
|g 2265.00
|l 0
|o 005.7 KLE
|p 3010045009
|r 2026-03-01
|t 6
|v 4530.00
|w 2025-11-04
|y 1HOUR
|x Requisitioned by Annajiat Alim Rasel (Senior Lecturer, Department of Computer Science and Engineering, BRAC University) for the course named- 'Distributed Computing Systems (CSE 707)'; As instructed by the University Librarian, the book has been placed on a one hour loan period following the receipt of five copies.
|
| 952 |
|
|
|0 0
|1 0
|2 ddc
|4 0
|6 005_700000000000000_KLE
|7 0
|9 78426
|a BRACUL
|b BRACUL
|c NEW
|d 2025-11-04
|e Book Finder International
|g 2265.00
|l 1
|m 15
|o 005.7 KLE
|p 3010045010
|r 2026-04-12
|s 2025-12-13
|t 7
|v 4530.00
|w 2025-11-04
|y BK
|x Requisitioned by Annajiat Alim Rasel (Senior Lecturer, Department of Computer Science and Engineering, BRAC University) for the course named- 'Distributed Computing Systems (CSE 707)'
|
| 952 |
|
|
|0 0
|1 0
|2 ddc
|4 0
|6 005_700000000000000_KLE
|7 0
|9 78427
|a BRACUL
|b BRACUL
|c GEN
|d 2025-11-04
|e Book Finder International
|g 2265.00
|l 1
|m 6
|o 005.7 KLE
|p 3010045013
|r 2026-04-12
|s 2026-03-01
|t 10
|v 4530.00
|w 2025-11-04
|y BK
|x Requisitioned by Annajiat Alim Rasel (Senior Lecturer, Department of Computer Science and Engineering, BRAC University) for the course named- 'Distributed Computing Systems (CSE 707)'
|
| 952 |
|
|
|0 0
|1 0
|2 ddc
|4 0
|6 005_700000000000000_KLE
|7 0
|9 78428
|a BRACUL
|b BRACUL
|c GEN
|d 2025-11-04
|e Book Finder International
|g 2265.00
|l 1
|m 6
|o 005.7 KLE
|p 3010045012
|q 2026-06-02
|r 2026-03-29
|s 2026-03-29
|t 9
|v 4530.00
|w 2025-11-04
|y BK
|x Requisitioned by Annajiat Alim Rasel (Senior Lecturer, Department of Computer Science and Engineering, BRAC University) for the course named- 'Distributed Computing Systems (CSE 707)'
|
| 952 |
|
|
|0 0
|1 0
|2 ddc
|4 0
|6 005_700000000000000_KLE
|7 0
|9 78429
|a BRACUL
|b BRACUL
|c GEN
|d 2025-11-04
|e Book Finder International
|g 2265.00
|l 0
|o 005.7 KLE
|p 3010045011
|r 2025-11-04
|t 8
|v 4530.00
|w 2025-11-04
|y BK
|x Requisitioned by Annajiat Alim Rasel (Senior Lecturer, Department of Computer Science and Engineering, BRAC University) for the course named- 'Distributed Computing Systems (CSE 707)'
|